Word Ladder: Throughout the Day Quiz Stats

 Plays Quiz Updated Dec 16, 2018

Support Sporcle.
Go Orange.
Score 0/18 Timer 02:00
0 Plays Today
Clue 4-Letter Word % Correct
• Middle of the day • NOON
95.7%
• Start of the day •DAWN
95.6%
A sigh, signifying drowsinessYAWN
93.9%
Knitting needYARN
91.8%
Show your bum to someoneMOON
90.9%
A plot of grass outside of a houseYARD
90.4%
• Next part of the day • MORN
89.8%
FatLARD
88.2%
Feudal rulerLORD
85.2%
Clue 4-Letter Word % Correct
A cranny or alcoveNOOK
85.1%
StoleTOOK
84.9%
Become exhaustedTIRE
83.5%
RippedTORE
80.1%
Desolate or forsakenLORN
79.3%
Address for royaltySIRE
79%
Location on the webSITE
78.8%
• End of the day, slangily •NITE
78.1%
Peter of The MonkeesTORK
76.8%

Today's Daily Dose

Missing Word
50 Cent Songs

Word Ladder
Close Gunshot

Quick Pick
Pop Punk Bands

Get the Picture
An 'S' in Disney

From the Vault

The Simpsons: Click-An-Ep

by g_norm

'Do you know how much of my blood and sweat are in this drink?'
Remove Ads.
Support Sporcle.
Get the best of Sporcle when you Go Orange. This ad-free experience offers more features, more stats, and more fun while also helping to support Sporcle. Thank you for becoming a member.

Show Comments

Extras

Top Quizzes Today


Score Distribution

Your Account Isn't Verified!

In order to create a playlist on Sporcle, you need to verify the email address you used during registration. Go to your Sporcle Settings to finish the process.

Report this User

Report this user for behavior that violates our Community Guidelines.

Details: